Southville International School and Colleges
Your cart is empty.
  • Cart
  • Lists
    Public lists Eva Luna New books Lux_list list_1
    Your lists Log in to create your own lists
  • Log in to your account
  • Your cookies
  • Search history
Southville International School and Colleges
  • Advanced search
  • Recent comments
  • Most popular
  • Libraries

Log in to your account

Log in with GOOGLE


If you do not have an external account, but do have a local account, you can still log in:

  1. Home
  2. MARC view: Can I see my house from space? :
Normal view MARC view ISBD view

Can I see my house from space? : (Record no. 112342)

[ view plain ]
MARC details
000 -LEADER
fixed length control field 00409nam a2200145 a 4500
005 - DATE AND TIME OF LATEST TRANSACTION
control field 20140414131934.0
008 - FIXED-LENGTH DATA ELEMENTS--GENERAL INFORMATION
fixed length control field 110112s19uu xx 00 eng d
050 ## - LIBRARY OF CONGRESS CALL NUMBER
Classification number REF 520
Item number C16 2002
245 ## - TITLE STATEMENT
Title Can I see my house from space? :
Remainder of title Space.
260 ## - PUBLICATION, DISTRIBUTION, ETC. (IMPRINT)
Place of publication, distribution, etc Nashville, Tennessee :
Name of publisher, distributor, etc Miles Kelly,
Date of publication, distribution, etc 2002.
440 ## - SERIES STATEMENT/ADDED ENTRY--TITLE
Title Ask me why
650 ## - SUBJECT ADDED ENTRY--TOPICAL TERM
Topical term or geographic name as entry element Space
General subdivision Juvenile literature
650 ## - SUBJECT ADDED ENTRY--TOPICAL TERM
Topical term or geographic name as entry element Astronomy.
Holdings
Withdrawn status Lost status Damaged status Home library Current library Shelving location Date acquired Total Checkouts Full call number Barcode Date last seen Price effective from Koha item type
      Munich Library Munich Library Reference Section 01/12/2011   REF 520 C16 2002 M3626 04/14/2014 04/14/2014 Books

Can I see my house from space? :

APA

(2002). Can I see my house from space?. Nashville, Tennessee: Miles Kelly.

Chicago

2002. Can I see my house from space?. Nashville, Tennessee: Miles Kelly.

Harvard

(2002). Can I see my house from space?. Nashville, Tennessee: Miles Kelly.

MLA

Can I see my house from space?. Nashville, Tennessee: Miles Kelly. 2002.

  • Place hold
  • Print
  • Cite
  • Add to your cart (remove)
  • Save record
    BIBTEX Dublin Core MARCXML MARC (non-Unicode/MARC-8) MARC (Unicode/UTF-8) MARC (Unicode/UTF-8, Standard) MODS (XML) RIS
  • More searches
    Search for this title in:
    Other Libraries (WorldCat) Other Databases (Google Scholar) Online Stores (Bookfinder.com) Open Library (openlibrary.org)

Exporting to Dublin Core...

SOUTHVILLE LIBRARY

Southville International School and Colleges Library

1281 Tropical Ave. Cor. Luxembourg St., BF Homes International, Las Pinas City

Tel. No. 8256374 / 252358 Loc. 117/146

Powered by Koha